00487 a2200169 450000100060000002000180000604000240002410000250004824000370007324500320011030000070014236200090014965000310015894200070018995201040019699900170030048213 a9788526285545 cAnchieta - Aquarius aFeliciani, Mario Rui10aO livro das combinaçõeslpor10aO livro das combinações a220 a2011 4aLiteratura infanto-juvenil cBK 00104070a87.1b87.1d2023-11-21l0o028.5 FEL LIVp7483/AQUr2023-11-21 15:15:09w2023-11-21yBK c48213d48213